000 00305nam a22001337a 4500
008 171127b xxu||||| |||| 00| 0 eng d
020 _a9780226075129
041 _aeng
080 _a030
100 _a30
101 _aEDU
245 _aTHE CHICAGO HANDBOOK FOR TEACHERS
_cALAN.B
942 _2udc
_cBK
999 _c38553
_d38553